| 000 | 00443nam a2200169 4500 | ||
|---|---|---|---|
| 999 |
_c3159 _d3159 |
||
| 003 | OSt | ||
| 005 | 20210212135923.0 | ||
| 008 | 210212b ||||| |||| 00| 0 eng d | ||
| 020 | _a9782266210829 | ||
| 040 |
_aKABLIB _cKABLIB _dKABLIB |
||
| 082 |
_223 _a813 _bCOB |
||
| 100 |
_aCoben, Harlan. _98336 |
||
| 245 |
_aSans Laisser d'Adresse / _cHarlan Coben. |
||
| 260 |
_aParis : _bBelfond, _cc2010. |
||
| 300 |
_a403 p. ; _c18 cm. |
||
| 942 |
_2ddc _cBOOK |
||